[Event "Checkmate Covid Rematch"]
[Site "Chess.com INT"]
[Date "2021.06.06"]
[Round "?"]
[White "Holowczak, Alex"]
[Black "Zabrocki, Philip"]
[Result "0-1"]
[WhiteElo "1638"]
[BlackElo "1948"]
[PlyCount "124"]
[EventDate "2021.06.05"]
[EventType "swiss (blitz)"]
[EventRounds "20"]
[EventCountry "ENG"]
[SourceTitle "CBM 202 Extra"]
[Source "ChessBase"]
[SourceDate "2021.07.31"]
[SourceVersion "1"]
[SourceVersionDate "2021.07.31"]
[SourceQuality "1"]

1. e4 e6 2. d4 d5 3. e5 c5 4. c3 Nc6 5. Nf3 Bd7 6. Bd3 Rc8 7. 0-0 cxd4 8. cxd4 Nb4 9. Nc3 Nxd3 10. Qxd3 Ne7 11. Ng5 h6 12. Qh3 Ng6 13. Nf3 Be7 14. Qg4 0-0 15. Bd2 Be8 16. Rac1 f5 17. exf6 Rxf6 18. Ne5 Nxe5 19. dxe5 Rg6 20. Qh3 Bc6 21. Qd3 Qe8 22. a3 Rg4 23. b4 d4 24. f3 dxc3 25. fxg4 cxd2 26. Qxd2 Bg5 27. Rf4 Bxf4 28. Qxf4 Bd5 29. Rf1 Rc2 30. Rf2 Rxf2 31. Qxf2 Qc6 32. h3 Qc1+ 33. Kh2 Qc3 34. Qxa7 Qxe5+ 35. Kg1 Qe1+ 36. Kh2 Qe2 37. Qb8+ Kh7 38. Qg3 Qa2 39. g5 Be4 40. gxh6 Qxg2+ 41. Qxg2 Bxg2 42. Kxg2 Kxh6 43. Kf3 Kg5 44. Kg3 Kf5 45. Kf3 Ke5 46. Ke3 Kd5 47. Kd3 e5 48. a4 e4+ 49. Ke3 Kc4 50. b5 Kb4 51. Kxe4 Kxa4 52. Kf5 Kxb5 53. Kg6 Kc4 54. Kxg7 b5 55. h4 b4 56. h5 b3 57. h6 b2 58. h7 b1Q 59. h8Q Qg1+ 60. Kf8 Qf2+ 61. Ke7 Qc5+ 62. Ke8 Qc8+ 0-1

[Event "Checkmate Covid Rematch"]
[Site "Chess.com INT"]
[Date "2021.06.06"]
[Round "?"]
[White "Zabrocki, Philip"]
[Black "Arkell, Keith C"]
[Result "0-1"]
[WhiteElo "1948"]
[BlackElo "2381"]
[PlyCount "76"]
[EventDate "2021.06.05"]
[EventType "swiss (blitz)"]
[EventRounds "20"]
[EventCountry "ENG"]
[SourceTitle "CBM 202 Extra"]
[Source "ChessBase"]
[SourceDate "2021.07.31"]
[SourceVersion "1"]
[SourceVersionDate "2021.07.31"]
[SourceQuality "1"]

1. f4 e5 2. e4 exf4 3. Nf3 d5 4. exd5 c6 5. d4 cxd5 6. Bxf4 Nf6 7. Bd3 Nc6 8. 0-0 Bd6 9. Re1+ Be6 10. Be5 0-0 11. c3 Nxe5 12. Nxe5 Re8 13. Nd2 Ne4 14. Nxe4 dxe4 15. Bxe4 Qh4 16. Nf3 Qh5 17. Ne5 Qxd1 18. Raxd1 Bxe5 19. dxe5 Bxa2 20. Bd5 Bxd5 21. Rxd5 Kf8 22. Rd7 Re7 23. Rxe7 Kxe7 24. Kf2 Ke6 25. Kf3 Rd8 26. Re2 a5 27. Kf4 h6 28. h4 b5 29. g4 g6 30. g5 h5 31. Ke4 Rd1 32. Kf4 Rg1 33. Kf3 Rg4 34. Re4 Kf5 35. Rxg4 hxg4+ 36. Kg3 a4 37. h5 gxh5 38. Kh4 Kg6 0-1

[Event "Checkmate Covid Rematch"]
[Site "Chess.com INT"]
[Date "2021.06.06"]
[Round "?"]
[White "Zabrocki, Philip"]
[Black "Paul, Nathanael"]
[Result "0-1"]
[WhiteElo "1948"]
[BlackElo "1993"]
[PlyCount "68"]
[EventDate "2021.06.05"]
[EventType "swiss (blitz)"]
[EventRounds "20"]
[EventCountry "ENG"]
[SourceTitle "CBM 202 Extra"]
[Source "ChessBase"]
[SourceDate "2021.07.31"]
[SourceVersion "1"]
[SourceVersionDate "2021.07.31"]
[SourceQuality "1"]

1. e4 c6 2. d4 d5 3. e5 Bf5 4. h4 e6 5. g4 Be4 6. f3 Be7 7. g5 Bf5 8. Bd3 Bxd3 9. Qxd3 c5 10. Ne2 Nc6 11. c3 Qb6 12. Na3 a6 13. f4 cxd4 14. cxd4 Bb4+ 15. Bd2 Nge7 16. Nc2 Bxd2+ 17. Qxd2 Nf5 18. b4 0-0 19. a4 Rac8 20. 0-0 a5 21. b5 Nb4 22. Nxb4 axb4 23. h5 Rc4 24. Rad1 b3 25. Rb1 Nxd4 26. Kh1 Nxe2 27. Qxe2 Rfc8 28. Rxb3 Rc2 29. Qg4 Qd4 30. Rh3 Rd2 31. g6 Rcc2 32. Rg3 Qe4+ 33. Kg1 Qd4+ 34. Kh1 Rh2# 0-1

[Event "Checkmate Covid Rematch"]
[Site "Chess.com INT"]
[Date "2021.06.06"]
[Round "?"]
[White "Zabrocki, Philip"]
[Black "Siddharth, Jagadeesh"]
[Result "0-1"]
[WhiteElo "1948"]
[BlackElo "2331"]
[PlyCount "38"]
[EventDate "2021.06.05"]
[EventType "swiss (blitz)"]
[EventRounds "20"]
[EventCountry "ENG"]
[SourceTitle "CBM 202 Extra"]
[Source "ChessBase"]
[SourceDate "2021.07.31"]
[SourceVersion "1"]
[SourceVersionDate "2021.07.31"]
[SourceQuality "1"]

1. e4 c6 2. d4 d5 3. e5 c5 4. dxc5 e6 5. a3 Bxc5 6. b4 Be7 7. Nf3 a5 8. b5 Nd7 9. Bb2 f6 10. Bd3 Nh6 11. 0-0 Nf7 12. exf6 Bxf6 13. Bxf6 Qxf6 14. Nbd2 0-0 15. c4 Nc5 16. Qc2 Nxd3 17. Qxd3 Rd8 18. c5 e5 19. Qb3 e4 0-1

[Event "Checkmate Covid Rematch"]
[Site "Chess.com INT"]
[Date "2021.06.06"]
[Round "?"]
[White "Zabrocki, Philip"]
[Black "Starley, Robert"]
[Result "1-0"]
[WhiteElo "1948"]
[BlackElo "2084"]
[PlyCount "55"]
[EventDate "2021.06.05"]
[EventType "swiss (blitz)"]
[EventRounds "20"]
[EventCountry "ENG"]
[SourceTitle "CBM 202 Extra"]
[Source "ChessBase"]
[SourceDate "2021.07.31"]
[SourceVersion "1"]
[SourceVersionDate "2021.07.31"]
[SourceQuality "1"]

1. e4 e5 2. Nf3 Nc6 3. Bc4 Bc5 4. b4 Bxb4 5. c3 Ba5 6. d4 exd4 7. Qb3 Qf6 8. 0-0 dxc3 9. e5 Qg6 10. Nxc3 Nge7 11. Ba3 Bb6 12. Nd5 Nxd5 13. Bxd5 a5 14. Qa4 d6 15. Bxc6+ bxc6 16. Qxc6+ Kd8 17. exd6 Ra7 18. dxc7+ Rxc7 19. Rad1+ Bd7 20. Qa8+ Rc8 21. Qb7 Rc7 22. Qa8+ Rc8 23. Qd5 Rc7 24. Ne5 Qf5 25. Nxf7+ Kc8 26. Nd6+ Kb8 27. Nxf5 Bc6 28. Qd6 1-0

[Event "Checkmate Covid Rematch"]
[Site "Chess.com INT"]
[Date "2021.06.05"]
[Round "?"]
[White "Cox, Tristan"]
[Black "Zabrocki, Philip"]
[Result "1-0"]
[WhiteElo "2141"]
[BlackElo "1948"]
[PlyCount "83"]
[EventDate "2021.06.05"]
[EventType "swiss (blitz)"]
[EventRounds "20"]
[EventCountry "ENG"]
[SourceTitle "CBM 202 Extra"]
[Source "ChessBase"]
[SourceDate "2021.07.31"]
[SourceVersion "1"]
[SourceVersionDate "2021.07.31"]
[SourceQuality "1"]

1. Nf3 Nf6 2. g3 g6 3. b3 Bg7 4. Bb2 0-0 5. Bg2 d6 6. d4 c6 7. 0-0 Qa5 8. Qd2 Qh5 9. Qg5 Nbd7 10. Qxh5 Nxh5 11. c4 e5 12. dxe5 dxe5 13. Nc3 f5 14. Rfd1 Nc5 15. Rd2 Ne6 16. Rad1 e4 17. Ne1 Nf6 18. Nc2 Ng4 19. h3 Ne5 20. Na4 b6 21. Nd4 c5 22. Nxe6 Bxe6 23. Rd6 Kf7 24. Nc3 Ke7 25. Nb5 Rad8 26. Rxd8 Rxd8 27. Rxd8 Kxd8 28. Nxa7 Nf3+ 29. exf3 Bxb2 30. fxe4 fxe4 31. Bxe4 Bxh3 32. Nb5 Ke7 33. f4 Bg4 34. Kf2 Kf6 35. Ke3 Bd7 36. Nc7 Bd4+ 37. Kf3 Be6 38. Na8 h5 39. Nxb6 Bg4+ 40. Kg2 Bd1 41. a4 Bxb3 42. a5 1-0

[Event "Checkmate Covid Rematch"]
[Site "Chess.com INT"]
[Date "2021.06.05"]
[Round "?"]
[White "Shearsby, Jude"]
[Black "Zabrocki, Philip"]
[Result "1-0"]
[WhiteElo "1673"]
[BlackElo "1948"]
[PlyCount "73"]
[EventDate "2021.06.05"]
[EventType "swiss (blitz)"]
[EventRounds "20"]
[EventCountry "ENG"]
[SourceTitle "CBM 202 Extra"]
[Source "ChessBase"]
[SourceDate "2021.07.31"]
[SourceVersion "1"]
[SourceVersionDate "2021.07.31"]
[SourceQuality "1"]

1. d4 Nf6 2. Nc3 d5 3. Bf4 g6 4. e3 Bg7 5. h4 0-0 6. h5 c5 7. hxg6 fxg6 8. Nf3 Nc6 9. Ne5 Qa5 10. Nxc6 bxc6 11. Be5 cxd4 12. Qxd4 Qb6 13. Qh4 Rf7 14. Bd3 Qxb2 15. Rb1 Qa3 16. Kd2 Ne4+ 17. Nxe4 Bxe5 18. Ng5 Qa5+ 19. Ke2 Rg7 20. Bxg6 Ba6+ 21. Kd1 Qxa2 22. Bxh7+ Kf8 23. Bd3 Bxd3 24. Qh8+ Rg8 25. Qh6+ Bg7 26. Ne6+ Kf7 27. Ng5+ Kf8 28. Ne6+ Ke8 29. Nxg7+ Rxg7 30. Qxc6+ Kf7 31. Rc1 Bc4 32. Rh6 Rag8 33. Qe6+ Ke8 34. Qc8+ Kf7 35. Qf5+ Ke8 36. Rc6 Kd8 37. Rc8# 1-0

[Event "Checkmate Covid Rematch"]
[Site "Chess.com INT"]
[Date "2021.06.05"]
[Round "?"]
[White "Zabrocki, Philip"]
[Black "McCarthy, Kevin"]
[Result "0-1"]
[WhiteElo "1948"]
[BlackElo "2012"]
[PlyCount "38"]
[EventDate "2021.06.05"]
[EventType "swiss (blitz)"]
[EventRounds "20"]
[EventCountry "ENG"]
[SourceTitle "CBM 202 Extra"]
[Source "ChessBase"]
[SourceDate "2021.07.31"]
[SourceVersion "1"]
[SourceVersionDate "2021.07.31"]
[SourceQuality "1"]

1. e4 e6 2. d4 d5 3. Nc3 Nf6 4. e5 Nfd7 5. Nce2 c5 6. c3 Nc6 7. Nf3 cxd4 8. cxd4 Be7 9. a3 Qb6 10. b4 f6 11. exf6 Nxf6 12. Bb2 0-0 13. Nf4 Bd7 14. Bd3 Ne4 15. Ne2 e5 16. 0-0 Rxf3 17. gxf3 Ng5 18. Ng3 Nxd4 19. Bxd4 Qxd4 0-1

[Event "Shropshire op"]
[Site "Telford"]
[Date "2019.01.04"]
[Round "1"]
[White "Zabrocki, Philip"]
[Black "Sygnowski, Tomasz"]
[Result "0-1"]
[WhiteElo "1923"]
[BlackElo "2143"]
[PlyCount "32"]
[EventDate "2019.01.04"]
[EventType "swiss"]
[EventRounds "5"]
[EventCountry "ENG"]
[SourceTitle "CBM 188 Extra"]
[Source "ChessBase"]
[SourceDate "2019.02.26"]
[SourceVersion "1"]
[SourceVersionDate "2019.02.26"]
[SourceQuality "1"]

1. e4 e6 2. Nf3 d5 3. e5 c5 4. b4 d4 5. b5 Ne7 6. Na3 Nd5 7. Nc4 a6 8. bxa6 Nxa6 9. a4 Bd7 10. Bb2 Be7 11. d3 Nab4 12. a5 b5 13. axb6 Rxa1 14. Bxa1 Ba4 15. Na3 Qxb6 16. Nd2 Qa5 0-1

[Event "Telford 4NCL op"]
[Site "Telford"]
[Date "2018.11.04"]
[Round "8"]
[White "Akeya Price, Robert A"]
[Black "Zabrocki, Philip"]
[Result "1/2-1/2"]
[WhiteElo "1730"]
[BlackElo "1952"]
[PlyCount "34"]
[EventDate "2018.10.31"]
[EventType "swiss"]
[EventRounds "9"]
[EventCountry "ENG"]
[SourceTitle "CBM 187 Extra"]
[Source "ChessBase"]
[SourceDate "2018.11.04"]
[SourceVersion "1"]
[SourceVersionDate "2018.11.04"]
[SourceQuality "1"]

1. d4 Nf6 2. Nc3 d5 3. Bg5 Nbd7 4. e3 c6 5. Nf3 g6 6. Bd3 Bg7 7. 0-0 0-0 8. e4 h6 9. Bxf6 Nxf6 10. e5 Ne8 11. h3 Be6 12. Ne2 g5 13. Nd2 f5 14. f4 Bd7 15. c4 e6 16. Nf3 dxc4 17. Bxc4 Nc7 1/2-1/2

[Event "Telford 4NCL op"]
[Site "Telford"]
[Date "2018.11.04"]
[Round "9"]
[White "Zabrocki, Philip"]
[Black "Bennett, Dominic"]
[Result "0-1"]
[WhiteElo "1952"]
[BlackElo "1933"]
[PlyCount "118"]
[EventDate "2018.10.31"]
[EventType "swiss"]
[EventRounds "9"]
[EventCountry "ENG"]
[SourceTitle "EXT 2021"]
[Source "ChessBase"]
[SourceDate "2020.10.23"]
[SourceVersion "1"]
[SourceVersionDate "2020.10.23"]
[SourceQuality "1"]

1. e4 d6 2. Nc3 c6 3. Bc4 Nf6 4. Bb3 Nbd7 5. d4 e5 6. Nf3 Be7 7. 0-0 Qc7 8. h3 0-0 9. Be3 a6 10. dxe5 dxe5 11. Nh4 Nxe4 12. Nf5 Ndc5 13. Nxe4 Nxe4 14. Qg4 Bxf5 15. Qxf5 Nc5 16. Bxc5 Bxc5 17. Rfe1 Rae8 18. Rad1 Re7 19. Re4 Rd8 20. Rd3 g6 21. Rxd8+ Qxd8 22. Qf6 Qd7 23. Rg4 Qd6 24. Qg5 Kg7 25. g3 e4 26. Kg2 h6 27. Qf5 e3 28. fxe3 Qd2+ 29. Qf2 Qxf2+ 30. Kxf2 Rxe3 31. Kf1 b6 32. Kg2 f5 33. Rc4 Re2+ 34. Kf1 Rf2+ 35. Ke1 Rg2 36. g4 fxg4 37. hxg4 Kf6 38. Ba4 Kg5 39. Bxc6 Rxg4 40. Rxg4+ Kxg4 41. c3 g5 42. b4 Be7 43. Bb7 a5 44. bxa5 bxa5 45. Kf1 Kg3 46. Bc8 h5 47. Kg1 h4 48. c4 Bc5+ 49. Kh1 Bd6 50. a4 Kf2 51. Bg4 Kg3 52. Be6 g4 53. Bd7 Kf4 54. Kg1 h3 55. Kh1 Kg5 56. Kg1 Kh4 57. Kh1 g3 58. c5 g2+ 59. Kg1 Bxc5+ 0-1

[Event "Telford 4NCL op-B 19th"]
[Site "Telford"]
[Date "2018.07.13"]
[Round "1"]
[White "Zabrocki, Philip"]
[Black "Cawston, M John"]
[Result "1-0"]
[WhiteElo "1981"]
[BlackElo "1866"]
[PlyCount "81"]
[EventDate "2018.07.13"]
[EventType "swiss"]
[EventRounds "5"]
[EventCountry "ENG"]
[SourceTitle "EXT 2019"]
[Source "ChessBase"]
[SourceDate "2018.10.10"]
[SourceVersion "1"]
[SourceVersionDate "2018.10.10"]
[SourceQuality "1"]

1. e4 c5 2. Be2 e6 3. f4 d5 4. d3 dxe4 5. dxe4 Qxd1+ 6. Bxd1 Bd7 7. Nc3 Bc6 8. Bf3 Nd7 9. a4 a6 10. a5 Ngf6 11. Nge2 Be7 12. 0-0 0-0 13. Rd1 e5 14. f5 Rfd8 15. g4 Nf8 16. Bg5 Rxd1+ 17. Rxd1 Rd8 18. Nd5 Bxd5 19. Bxf6 Bxf6 20. exd5 e4 21. Bxe4 Bxb2 22. Rb1 Re8 23. Bf3 Bf6 24. Rxb7 c4 25. Kf1 Re3 26. Kf2 Re7 27. d6 Rd7 28. Bd5 Rxd6 29. Bxf7+ Kh8 30. Bxc4 Nd7 31. Be6 Nc5 32. Rb8+ Rd8 33. Rb6 h6 34. Kf3 Be5 35. Nf4 Bc7 36. Rc6 Bxf4 37. Kxf4 Rd4+ 38. Kf3 Nd7 39. Rc8+ Kh7 40. Bg8+ Kh8 41. Bf7+ 1-0